000 00542nam a22002057a 4500
003 UA-OsUOA
001 12084
007 ta
008 20050429b un ||||| |||| 00| 0 ukr d
100 _aШамрай Тетяна
942 _cSA
040 _aUA-OsUOA
_bukr
_cUA-OsUOA
_dUA-OsUOA
245 _aЯ багато не хочу, мені б тільки голос один
300 _aС.72-75
955 _a0
041 _aukr
044 _aUA
773 0 _w0
_tСучасність
_dКиїв
_d2005
_g№4
650 7 _aПоезія
_2UDC
999 _c298245
_d298245